000
00251nam a22001097a 4500
082
_a
808 REM'A
100
_a
REMARQUE, ERICH MARIA
_9
79179
245
_a
ALL QUIET ON THE WESTERN FRONT
260
_a
CONN
_b
FAWCETT
_c
1958
300
_a
175P
942
_c
BK
999
_c
584237
_d
584237